[Event "Skakliga 2007-08"]
[Site "Denmark"]
[Date "2008.01.13"]
[Round "5.6"]
[White "Meyer, Lars August"]
[Black "Strandby, Martin"]
[Result "1/2-1/2"]
[WhiteElo "2222"]
[BlackElo "2072"]
[PlyCount "104"]
[EventDate "2007.11.10"]
[EventType "team-tourn"]
[EventRounds "9"]
[EventCountry "DEN"]
[Source "ChessBase"]
[SourceDate "2003.11.25"]
[WhiteTeam "Aalborg"]
[BlackTeam "Sydostfyn"]
[WhiteTeamCountry "DEN"]
[BlackTeamCountry "DEN"]

1. d4 Nf6 2. Nf3 e6 3. c4 d5 4. g3 Be7 5. Bg2 O-O 6. O-O c6 7. Qc2 Nbd7 8. Rd1
Ne4 9. Ne5 f5 10. Nxd7 Bxd7 11. f3 Nf6 12. Nd2 Qe8 13. Nf1 Qh5 14. Bf4 g5 15.
Be5 Qg6 16. Rac1 Rac8 17. c5 Rce8 18. Ne3 Kf7 19. g4 f4 20. Nf1 Qxc2 21. Rxc2
b5 22. e3 fxe3 23. Nxe3 Ng8 24. Rf2 Bf6 25. f4 Bxe5 26. fxe5+ Kg7 27. Rdf1 Rxf2
28. Rxf2 Ne7 29. Bf1 Ng6 30. Ng2 Rf8 31. Bd3 Rxf2 32. Kxf2 Ne7 33. a4 bxa4 34.
Bc2 Bc8 35. Bxa4 Ba6 36. Ne1 h6 37. Nf3 Bd3 38. h4 gxh4 39. Nxh4 Be4 40. Kg3
Kf7 41. Kf4 a5 42. Bd1 Nc8 43. Bf3 Bxf3 44. Kxf3 Na7 45. Ke3 a4 46. Ng2 Nb5 47.
Nf4 a3 48. bxa3 Nxa3 49. Kd3 Nb5 50. Ke3 Na3 51. Kd3 Nb5 52. Ke3 Na3 1/2-1/2

[Event "Skakliga 2007-08"]
[Site "Denmark"]
[Date "2008.01.13"]
[Round "5.7"]
[White "Jepsen, Thomas"]
[Black "Hjorth, Torben"]
[Result "1/2-1/2"]
[WhiteElo "2073"]
[BlackElo "2151"]
[PlyCount "63"]
[EventDate "2007.11.10"]
[EventType "team-tourn"]
[EventRounds "9"]
[EventCountry "DEN"]
[Source "ChessBase"]
[SourceDate "2003.11.25"]
[WhiteTeam "Sydostfyn"]
[BlackTeam "Aalborg"]
[WhiteTeamCountry "DEN"]
[BlackTeamCountry "DEN"]

1. c4 e5 2. Nc3 Nc6 3. Nf3 g6 4. d3 Bg7 5. g3 d6 6. Bg2 f5 7. O-O Nf6 8. Rb1
O-O 9. b4 h6 10. Ne1 Nd4 11. e3 Ne6 12. b5 Kh8 13. Nc2 g5 14. Nd5 Nxd5 15. Bxd5
f4 16. d4 Qf6 17. Rb3 Qg6 18. dxe5 dxe5 19. Re1 Nc5 20. Ba3 Nxb3 21. Bxf8 Bxf8
22. axb3 c6 23. bxc6 bxc6 24. exf4 gxf4 25. Be4 Bf5 26. Bxf5 Qxf5 27. gxf4 Qxf4
28. Qh5 Bg7 29. Ne3 Rg8 30. Re2 Kh7 31. Qg4 a5 32. Qxf4 1/2-1/2

[Event "Skakliga 2007-08"]
[Site "Denmark"]
[Date "2008.01.13"]
[Round "5.8"]
[White "Nielsen, Jorgen G"]
[Black "Nielsen, Niels Peter"]
[Result "1/2-1/2"]
[WhiteElo "2149"]
[BlackElo "2047"]
[PlyCount "64"]
[EventDate "2007.11.10"]
[EventType "team-tourn"]
[EventRounds "9"]
[EventCountry "DEN"]
[Source "ChessBase"]
[SourceDate "2003.11.25"]
[WhiteTeam "Aalborg"]
[BlackTeam "Sydostfyn"]
[WhiteTeamCountry "DEN"]
[BlackTeamCountry "DEN"]

1. d4 f5 2. c4 g6 3. Nc3 Bg7 4. g3 d6 5. Bg2 c6 6. e4 Nf6 7. e5 dxe5 8. dxe5
Qxd1+ 9. Nxd1 Nfd7 10. f4 Nb6 11. b3 Na6 12. Be3 Be6 13. Ne2 Rd8 14. Nd4 Kf7
15. O-O Rd7 16. Nc3 Rhd8 17. Rad1 Nc7 18. Rd2 Bxc4 19. Nxc6 bxc6 20. Rxd7 Rxd7
21. bxc4 Rd3 22. Bxb6 axb6 23. Na4 b5 24. cxb5 cxb5 25. Rc1 bxa4 26. Rxc7 Rd1+
27. Bf1 g5 28. Kf2 gxf4 29. gxf4 Rd4 30. Kf3 Bh6 31. Rc4 Rxc4 32. Bxc4+ e6
1/2-1/2

[Event "Skakliga 2007-08"]
[Site "Denmark"]
[Date "2008.02.03"]
[Round "6.1"]
[White "Hector, Jonny"]
[Black "Lund, Silas"]
[Result "0-1"]
[WhiteElo "2550"]
[BlackElo "2401"]
[PlyCount "128"]
[EventDate "2007.11.10"]
[EventType "team-tourn"]
[EventRounds "9"]
[EventCountry "DEN"]
[Source "ChessBase"]
[SourceDate "2003.11.25"]
[WhiteTeam "Nordkalotten"]
[BlackTeam "K41"]
[WhiteTeamCountry "DEN"]
[BlackTeamCountry "DEN"]

1. e4 e5 2. Nf3 Nc6 3. Bb5 Nf6 4. d4 Nxe4 5. d5 Ne7 6. Qe2 Nd6 7. Nxe5 Nxb5 8.
Qxb5 Ng6 9. Nxg6 hxg6 10. Bf4 c6 11. Qe2+ Qe7 12. d6 Qxe2+ 13. Kxe2 g5 14. Bg3
f5 15. Be5 Rh6 16. Re1 Kf7 17. Nd2 Bxd6 18. Bxd6 Rxd6 19. Nc4 Rd4 20. b3 d5 21.
Ne5+ Kf6 22. Nd3 b6 23. f3 Rh4 24. Kf2 Be6 25. Re2 Rd8 26. Kg1 c5 27. Rae1 Rd6
28. g3 Rd4 29. Nf2 Rb4 30. c3 Rb5 31. g4 Ra5 32. h4 gxh4 33. g5+ Kxg5 34. Rxe6
Rxe6 35. Rxe6 Kf4 36. a4 Kxf3 37. Re5 c4 38. Rxf5+ Ke2 39. b4 Rxa4 40. Rxd5 a5
41. b5 Ra1+ 42. Kg2 Rb1 43. Ne4 Rb3 44. Rd4 Rxb5 45. Rxc4 Re5 46. Ra4 g5 47.
Nd6 Kd3 48. c4 Rc5 49. Kh3 Rc6 50. Nf7 Kc3 51. Ra1 Rxc4 52. Rc1+ Kb4 53. Rb1+
Kc5 54. Nxg5 b5 55. Nf3 b4 56. Ne5 Re4 57. Rc1+ Kb5 58. Nf7 Rd4 59. Rc8 b3 60.
Ne5 Ka4 61. Rf8 b2 62. Rf1 Rb4 63. Rb1 Ka3 64. Nc6 Ka2 0-1

[Event "Skakliga 2007-08"]
[Site "Denmark"]
[Date "2008.02.03"]
[Round "6.2"]
[White "Smith, Axel"]
[Black "Brynell, Stellan"]
[Result "1-0"]
[WhiteElo "2384"]
[BlackElo "2452"]
[PlyCount "81"]
[EventDate "2007.11.10"]
[EventType "team-tourn"]
[EventRounds "9"]
[EventCountry "DEN"]
[Source "ChessBase"]
[SourceDate "2003.11.25"]
[WhiteTeam "K41"]
[BlackTeam "Nordkalotten"]
[WhiteTeamCountry "DEN"]
[BlackTeamCountry "DEN"]

1. e4 e6 2. d4 d5 3. Nc3 Nf6 4. e5 Nfd7 5. f4 c5 6. Nf3 Nc6 7. Be3 Be7 8. Qd2
O-O 9. Be2 a6 10. O-O b5 11. Nd1 b4 12. Nf2 a5 13. dxc5 Bxc5 14. Bxc5 Nxc5 15.
Nd4 Bb7 16. a3 Qb6 17. Nxc6 Bxc6 18. Qe3 Bb5 19. axb4 axb4 20. Nd3 Na4 21. Qxb6
Nxb6 22. Kf2 Bxd3 23. Bxd3 f6 24. exf6 gxf6 25. Ke3 Kf7 26. Kd4 Ke7 27. Rxa8
Rxa8 28. Kc5 Na4+ 29. Kxb4 Nxb2 30. Bxh7 Rh8 31. Ra1 f5 32. Ra7+ Kf6 33. h3 e5
34. Ra6+ Kg7 35. Bxf5 exf4 36. Rg6+ Kf7 37. Rg4 f3 38. gxf3 Rxh3 39. Rg7+ Kxg7
40. Bxh3 d4 41. Bf1 1-0

[Event "Skakliga 2007-08"]
[Site "Denmark"]
[Date "2008.02.03"]
[Round "6.3"]
[White "Ahlander, Bjorn"]
[Black "Ost Hansen, Jacob"]
[Result "0-1"]
[WhiteElo "2394"]
[BlackElo "2415"]
[PlyCount "48"]
[EventDate "2007.11.10"]
[EventType "team-tourn"]
[EventRounds "9"]
[EventCountry "DEN"]
[Source "ChessBase"]
[SourceDate "2003.11.25"]
[WhiteTeam "Nordkalotten"]
[BlackTeam "K41"]
[WhiteTeamCountry "DEN"]
[BlackTeamCountry "DEN"]

1. d4 Nf6 2. c4 c5 3. e3 g6 4. Nc3 Bg7 5. Nf3 O-O 6. Be2 cxd4 7. exd4 d5 8. O-O
Nc6 9. h3 b6 10. Ne5 Bb7 11. Bf3 Na5 12. Re1 Rc8 13. cxd5 Nxd5 14. Bd2 Nc4 15.
Nxc4 Rxc4 16. Qb3 Rxd4 17. Bg5 Qd7 18. Nxd5 Bxd5 19. Bxd5 Rxd5 20. Rxe7 Qd6 21.
Bh4 Rd4 22. g4 Rd3 23. Qa4 Rxh3 24. Rd1 Qh2+ 0-1

[Event "Skakliga 2007-08"]
[Site "Denmark"]
[Date "2008.02.03"]
[Round "6.4"]
[White "Greger, Roland Reinhard"]
[Black "Kristensen, Kaare Hove"]
[Result "1-0"]
[WhiteElo "2359"]
[BlackElo "2318"]
[PlyCount "61"]
[EventDate "2007.11.10"]
[EventType "team-tourn"]
[EventRounds "9"]
[EventCountry "DEN"]
[Source "ChessBase"]
[SourceDate "2003.11.25"]
[WhiteTeam "K41"]
[BlackTeam "Nordkalotten"]
[WhiteTeamCountry "DEN"]
[BlackTeamCountry "DEN"]

1. e4 c5 2. Nf3 d6 3. d4 cxd4 4. Nxd4 Nf6 5. Nc3 a6 6. f4 e5 7. Nf3 Nbd7 8. Bc4
Be7 9. a4 O-O 10. Qe2 b6 11. O-O Bb7 12. b3 Nc5 13. fxe5 dxe5 14. Bb2 Ncxe4 15.
Nxe4 Nxe4 16. Rad1 Bd6 17. Bxe5 Qc8 18. Rxd6 Qc5+ 19. Rd4 b5 20. b4 Qb6 21. a5
Qa7 22. Bb3 Rae8 23. Qe3 Qa8 24. Re1 Nf6 25. Qf2 Nd5 26. Bd6 Rxe1+ 27. Qxe1 Re8
28. Qf2 Nc3 29. Bxf7+ Kxf7 30. Ne5+ Kg8 31. Qf7+ 1-0

[Event "Skakliga 2007-08"]
[Site "Denmark"]
[Date "2008.02.03"]
[Round "6.5"]
[White "Ejsing, Esben"]
[Black "Semcesen, Daniel"]
[Result "1/2-1/2"]
[WhiteElo "2244"]
[BlackElo "2293"]
[PlyCount "95"]
[EventDate "2007.11.10"]
[EventType "team-tourn"]
[EventRounds "9"]
[EventCountry "DEN"]
[Source "ChessBase"]
[SourceDate "2003.11.25"]
[WhiteTeam "Nordkalotten"]
[BlackTeam "K41"]
[WhiteTeamCountry "DEN"]
[BlackTeamCountry "DEN"]

1. c4 Nf6 2. Nf3 c6 3. d4 d5 4. e3 a6 5. Nc3 e6 6. Bd2 Nbd7 7. Rc1 Bd6 8. Bd3
O-O 9. O-O c5 10. cxd5 exd5 11. Bb1 Re8 12. Re1 h6 13. Qc2 Kf8 14. e4 dxe4 15.
Nxe4 Nxe4 16. Rxe4 Rxe4 17. Qxe4 Nf6 18. Qd3 cxd4 19. Nxd4 Bd7 20. Qf3 Qb6 21.
Bc3 Bb4 22. Bf5 Bxc3 23. Qxc3 Rd8 24. h3 Kg8 25. Qc7 Qxc7 26. Rxc7 Bxf5 27.
Nxf5 Rd1+ 28. Kh2 Rd7 29. Rxd7 Nxd7 30. Kg3 Nc5 31. Ne3 Nd3 32. Nd1 Kf8 33. f4
Ke7 34. Kf3 Kd6 35. Ke4 Nb4 36. Nc3 g6 37. g4 Nc6 38. f5 Ne7 39. fxg6 fxg6 40.
h4 b5 41. Ne2 Nd5 42. g5 h5 43. Nd4 Ne7 44. a3 Nd5 45. Nf3 Ne7 46. Nd4 Nd5 47.
Nf3 Ne7 48. Nd4 1/2-1/2

[Event "Skakliga 2007-08"]
[Site "Denmark"]
[Date "2008.02.03"]
[Round "6.6"]
[White "Olesen, Martin"]
[Black "Jakobsen, Peter"]
[Result "1/2-1/2"]
[WhiteElo "2295"]
[BlackElo "2215"]
[PlyCount "81"]
[EventDate "2007.11.10"]
[EventType "team-tourn"]
[EventRounds "9"]
[EventCountry "DEN"]
[Source "ChessBase"]
[SourceDate "2003.11.25"]
[WhiteTeam "K41"]
[BlackTeam "Nordkalotten"]
[WhiteTeamCountry "DEN"]
[BlackTeamCountry "DEN"]

1. d4 d5 2. Nc3 Nf6 3. Bg5 Nbd7 4. Nf3 g6 5. e3 Bg7 6. Bd3 O-O 7. h4 c5 8. h5
Qb6 9. Qc1 Re8 10. hxg6 hxg6 11. e4 c4 12. Bh6 Bh8 13. Nxd5 Nxd5 14. Bxc4 Qb4+
15. Nd2 N5b6 16. c3 Qd6 17. e5 Nxe5 18. dxe5 Qxe5+ 19. Be3 Nxc4 20. Nxc4 Qe4
21. b3 b5 22. f3 Qe6 23. Kf2 Bf6 24. Qg1 Rd8 25. Qh2 Rd5 26. Qh7+ Kf8 27. Bh6+
Ke8 28. Rhe1 Qc6 29. Ne3 Rd2+ 30. Kg1 Be6 31. Red1 Rd6 32. Bf4 Kd7 33. Bxd6
exd6 34. Qh2 Qc5 35. Rxd6+ Ke7 36. Rxe6+ fxe6 37. Qh7+ Kf8 38. Qh6+ Ke7 39.
Qh7+ Kf8 40. Qh6+ Ke7 41. Qh7+ 1/2-1/2

[Event "Skakliga 2007-08"]
[Site "Denmark"]
[Date "2008.02.03"]
[Round "6.7"]
[White "Nielsen, Lars Aaes"]
[Black "Naes, Flovin Tor"]
[Result "0-1"]
[WhiteElo "2201"]
[BlackElo "2243"]
[PlyCount "126"]
[EventDate "2007.11.10"]
[EventType "team-tourn"]
[EventRounds "9"]
[EventCountry "DEN"]
[Source "ChessBase"]
[SourceDate "2003.11.25"]
[WhiteTeam "Nordkalotten"]
[BlackTeam "K41"]
[WhiteTeamCountry "DEN"]
[BlackTeamCountry "DEN"]

1. e4 e5 2. Nf3 Nc6 3. Bb5 a6 4. Bxc6 dxc6 5. O-O Bg4 6. h3 h5 7. d3 Qf6 8. Be3
Bxf3 9. Qxf3 Qxf3 10. gxf3 Bd6 11. Nd2 f6 12. Nc4 Ne7 13. f4 exf4 14. Nxd6+
cxd6 15. Bxf4 d5 16. Rfe1 Kf7 17. Bd6 dxe4 18. dxe4 Rad8 19. Rad1 Rd7 20. Rd3
Rhd8 21. e5 fxe5 22. Rf3+ Ke6 23. Bxe5 Rd1 24. Rfe3 Nf5 25. R3e2 R8d2 26. Bc3+
Rxe2 27. Rxd1 Rxc2 28. Rd8 Rc1+ 29. Kh2 g5 30. Rh8 Nh4 31. Rxh5 Rf1 32. Rxg5
Nf3+ 33. Kg2 Rg1+ 34. Kxf3 Rxg5 35. h4 Rg1 36. h5 Kf5 37. h6 Rh1 38. Bg7 Rh3+
39. Kg2 Rh5 40. Kf3 Rh3+ 41. Kg2 Rh5 42. Kf3 c5 43. Ke3 Rh3+ 44. f3 Rh2 45. a4
b6 46. b3 Rh4 47. Kd3 Kg6 48. Be5 Rb4 49. Kc2 Kxh6 50. a5 b5 51. Bd6 Kg6 52.
Kc3 Kf5 53. Bxc5 Rf4 54. Be3 Rxf3 55. Kd4 Ke6 56. Ke4 Rh3 57. Kd4 Kd7 58. b4
Kc6 59. Bg5 Rb3 60. Be7 Rb1 61. Bf8 Rf1 62. Bc5 Rd1+ 63. Ke5 Rd5+ 0-1

[Event "Skakliga 2007-08"]
[Site "Denmark"]
[Date "2008.02.03"]
[Round "6.8"]
[White "Laursen, Niels Norskov"]
[Black "Koch, Soren Andreas"]
[Result "1-0"]
[WhiteElo "2170"]
[BlackElo "2094"]
[PlyCount "73"]
[EventDate "2007.11.10"]
[EventType "team-tourn"]
[EventRounds "9"]
[EventCountry "DEN"]
[Source "ChessBase"]
[SourceDate "2003.11.25"]
[WhiteTeam "K41"]
[BlackTeam "Nordkalotten"]
[WhiteTeamCountry "DEN"]
[BlackTeamCountry "DEN"]

1. e4 c6 2. d4 d5 3. exd5 cxd5 4. c4 Nf6 5. Nc3 e6 6. Nf3 Be7 7. cxd5 exd5 8.
Bb5+ Bd7 9. Bxd7+ Nbxd7 10. Qb3 Nb6 11. O-O O-O 12. Re1 Qd6 13. a3 Rae8 14. Bg5
Ne4 15. Nxe4 dxe4 16. Rxe4 Bxg5 17. Rxe8 Rxe8 18. Nxg5 Qd5 19. Qxd5 Nxd5 20.
Kf1 f6 21. Nf3 Rc8 22. Re1 Rc2 23. Re2 Rc1+ 24. Ne1 Kf7 25. Rd2 Ke6 26. g3 Nb6
27. Rc2 Rxc2 28. Nxc2 Kd5 29. b3 a5 30. a4 g5 31. Ke2 g4 32. Kd3 h5 33. Ne3+
Ke6 34. Nc4 Nd5 35. Nxa5 b6 36. Nc4 Kf5 37. Ne3+ 1-0

[Event "Skakliga 2007-08"]
[Site "Denmark"]
[Date "2008.02.03"]
[Round "6.1"]
[White "Teplyi, Igor"]
[Black "Rasmussen, Allan Stig"]
[Result "1/2-1/2"]
[WhiteElo "2233"]
[BlackElo "2475"]
[PlyCount "119"]
[EventDate "2007.11.10"]
[EventType "team-tourn"]
[EventRounds "9"]
[EventCountry "DEN"]
[Source "ChessBase"]
[SourceDate "2003.11.25"]
[WhiteTeam "Nordre"]
[BlackTeam "Jetsmark"]
[WhiteTeamCountry "DEN"]
[BlackTeamCountry "DEN"]

1. e4 c6 2. d4 d5 3. Nc3 dxe4 4. Nxe4 Nd7 5. Ng5 Ngf6 6. Bd3 e6 7. N1f3 Bd6 8.
Qe2 h6 9. Ne4 Nxe4 10. Qxe4 Nf6 11. Qe2 Qc7 12. O-O b6 13. Ne5 Bb7 14. Bf4 O-O
15. Rad1 Rad8 16. Bg3 c5 17. dxc5 Qxc5 18. Rfe1 Bc7 19. c3 Rd5 20. c4 Rdd8 21.
b3 a5 22. Kh1 Bd6 23. f4 Qc7 24. Bh4 Be7 25. Bb1 Rxd1 26. Rxd1 Rd8 27. Rxd8+
Qxd8 28. Qd3 Qxd3 29. Bxd3 Bc5 30. f5 exf5 31. Bxf5 g5 32. Be1 Ne4 33. Nd7 Bd4
34. Bxe4 Bxe4 35. Bf2 Bxf2 36. Nf6+ Kg7 37. Nxe4 Bc5 38. g4 Kg6 39. h3 f5 40.
Nc3 h5 41. gxh5+ Kxh5 42. Kg2 Kg6 43. Nd5 Kf7 44. Kf3 Ke6 45. a3 Bd4 46. Nc7+
Ke5 47. b4 a4 48. Nb5 Bb2 49. Ke3 Ke6 50. Kf3 Be5 51. Ke3 Bb2 52. Kf3 Ke5 53.
Ke3 g4 54. hxg4 fxg4 55. Kf2 Ke4 56. Kg2 Be5 57. Na7 Kd3 58. c5 bxc5 59. bxc5
Kc4 60. Nc6 1/2-1/2

[Event "Skakliga 2007-08"]
[Site "Denmark"]
[Date "2008.02.03"]
[Round "6.2"]
[White "Glud, Jakob Vang"]
[Black "Wiwe, Andreas"]
[Result "1-0"]
[WhiteElo "2468"]
[BlackElo "2169"]
[PlyCount "67"]
[EventDate "2007.11.10"]
[EventType "team-tourn"]
[EventRounds "9"]
[EventCountry "DEN"]
[Source "ChessBase"]
[SourceDate "2003.11.25"]
[WhiteTeam "Jetsmark"]
[BlackTeam "Nordre"]
[WhiteTeamCountry "DEN"]
[BlackTeamCountry "DEN"]

1. c4 e5 2. g3 Nc6 3. Bg2 f5 4. Nc3 Nf6 5. d3 Bb4 6. Bd2 O-O 7. Nd5 Bxd2+ 8.
Qxd2 d6 9. e3 Be6 10. Ne2 Qd7 11. b4 Nd8 12. O-O c6 13. Nxf6+ Rxf6 14. Rac1 Nf7
15. d4 Qe8 16. c5 Rd8 17. a4 e4 18. cxd6 Nxd6 19. Rc5 a6 20. Nf4 Bf7 21. h4 h6
22. Nh3 Bc4 23. Rc1 b5 24. Bf1 Kh8 25. Bxc4 Nxc4 26. Qe2 Rd5 27. Rxd5 cxd5 28.
Nf4 Rd6 29. axb5 axb5 30. Kg2 Qa8 31. Qh5 Rf6 32. g4 Qa3 33. g5 Rc6 34. Qe8+
1-0

[Event "Skakliga 2007-08"]
[Site "Denmark"]
[Date "2008.02.03"]
[Round "6.3"]
[White "Petersen, Tom Petri"]
[Black "Pedersen, Christian Kyndel"]
[Result "1-0"]
[WhiteElo "2286"]
[BlackElo "2406"]
[PlyCount "81"]
[EventDate "2007.11.10"]
[EventType "team-tourn"]
[EventRounds "9"]
[EventCountry "DEN"]
[Source "ChessBase"]
[SourceDate "2003.11.25"]
[WhiteTeam "Nordre"]
[BlackTeam "Jetsmark"]
[WhiteTeamCountry "DEN"]
[BlackTeamCountry "DEN"]

1. g3 c5 2. Bg2 Nc6 3. Nf3 g6 4. O-O Bg7 5. c3 e5 6. e4 Nge7 7. d3 O-O 8. Be3
d6 9. Na3 h6 10. Qd2 Kh7 11. d4 exd4 12. cxd4 Bg4 13. dxc5 dxc5 14. Bxc5 Bxf3
15. Qxd8 Rfxd8 16. Bxf3 Bxb2 17. Rab1 Bxa3 18. Bxa3 Rd3 19. Bxe7 Rxf3 20. Rxb7
Nxe7 21. Rxe7 Kg8 22. Rb1 a5 23. Rbb7 Rf8 24. e5 Ra3 25. Rb2 h5 26. Kg2 Kg7 27.
Ra7 Ra4 28. Rd2 g5 29. e6 Re4 30. Rxa5 f6 31. Ra6 Re8 32. Rdd6 Re7 33. a4 Kg6
34. a5 Kf5 35. Rab6 Re5 36. a6 Ra5 37. h3 Ke5 38. Rd2 Kf5 39. Re2 Ra3 40. Rb7
Re8 41. a7 1-0

[Event "Skakliga 2007-08"]
[Site "Denmark"]
[Date "2008.02.03"]
[Round "6.4"]
[White "Christensen, Stefan"]
[Black "Baekgaard, Martin"]
[Result "1/2-1/2"]
[WhiteElo "2308"]
[BlackElo "2231"]
[PlyCount "58"]
[EventDate "2007.11.10"]
[EventType "team-tourn"]
[EventRounds "9"]
[EventCountry "DEN"]
[Source "ChessBase"]
[SourceDate "2003.11.25"]
[WhiteTeam "Jetsmark"]
[BlackTeam "Nordre"]
[WhiteTeamCountry "DEN"]
[BlackTeamCountry "DEN"]

1. e4 c5 2. c3 e6 3. d4 d5 4. exd5 exd5 5. Nf3 Nc6 6. Be3 c4 7. b3 cxb3 8. axb3
Bd6 9. Be2 Nge7 10. O-O O-O 11. c4 Bb4 12. c5 Re8 13. Bd2 Bxd2 14. Qxd2 Bg4 15.
Nc3 Nf5 16. Ra4 Nh4 17. Qf4 Qd7 18. h3 Bxf3 19. Bxf3 Nxf3+ 20. Qxf3 Rad8 21.
Rd1 a6 22. Raa1 Qe6 23. Kf1 Nb4 24. Re1 Qc6 25. Rxe8+ Rxe8 26. Kg1 h6 27. Ra4
a5 28. Ra1 Nc2 29. Rd1 Nb4 1/2-1/2

[Event "Skakliga 2007-08"]
[Site "Denmark"]
[Date "2008.02.03"]
[Round "6.5"]
[White "Hoiberg, Nina"]
[Black "Jensen, Bjarke"]
[Result "1-0"]
[WhiteElo "2183"]
[BlackElo "2252"]
[PlyCount "77"]
[EventDate "2007.11.10"]
[EventType "team-tourn"]
[EventRounds "9"]
[EventCountry "DEN"]
[Source "ChessBase"]
[SourceDate "2003.11.25"]
[WhiteTeam "Nordre"]
[BlackTeam "Jetsmark"]
[WhiteTeamCountry "DEN"]
[BlackTeamCountry "DEN"]

1. e4 c5 2. Nf3 g6 3. d4 cxd4 4. Nxd4 Bg7 5. Nc3 Nc6 6. Nb3 Nf6 7. Be2 d6 8.
O-O O-O 9. Re1 Be6 10. Bf1 Rc8 11. Bg5 Ne5 12. Nd5 Bxd5 13. exd5 Qd7 14. c3 Qf5
15. Bxf6 Bxf6 16. Nd4 Qd7 17. f4 Nc4 18. b3 Nb6 19. c4 Qc7 20. Kh1 Qc5 21. Re4
a5 22. Rb1 Qa3 23. Nb5 Qc5 24. Qe1 Ra8 25. g4 Nc8 26. g5 Bg7 27. Bh3 Na7 28.
Nxa7 Rxa7 29. Rxe7 b5 30. Rxa7 Qxa7 31. cxb5 Qd4 32. Qf1 f6 33. Rd1 Qb4 34.
Be6+ Kh8 35. Qc4 Qa3 36. b6 Qb2 37. gxf6 Bxf6 38. b7 Kg7 39. Bc8 1-0

[Event "Skakliga 2007-08"]
[Site "Denmark"]
[Date "2008.02.03"]
[Round "6.6"]
[White "Helledie, Anders"]
[Black "Veng, Johny"]
[Result "1-0"]
[WhiteElo "2121"]
[BlackElo "2171"]
[PlyCount "37"]
[EventDate "2007.11.10"]
[EventType "team-tourn"]
[EventRounds "9"]
[EventCountry "DEN"]
[Source "ChessBase"]
[SourceDate "2003.11.25"]
[WhiteTeam "Jetsmark"]
[BlackTeam "Nordre"]
[WhiteTeamCountry "DEN"]
[BlackTeamCountry "DEN"]

1. e4 e5 2. Bc4 Nf6 3. d3 Nc6 4. Nc3 Bc5 5. f4 d6 6. Nf3 a6 7. Nd5 Bg4 8. c3
O-O 9. f5 Nxd5 10. Bxd5 Kh8 11. h3 Bxf3 12. Qxf3 f6 13. g4 Ne7 14. Be6 d5 15.
g5 fxg5 16. Bxg5 Qd6 17. Qg4 Qb6 18. Rh2 h6 19. Rg2 1-0

[Event "Skakliga 2007-08"]
[Site "Denmark"]
[Date "2008.02.03"]
[Round "6.7"]
[White "Danstrup, Niels"]
[Black "Rathlev, Jakob"]
[Result "1/2-1/2"]
[WhiteElo "2097"]
[BlackElo "2160"]
[PlyCount "76"]
[EventDate "2007.11.10"]
[EventType "team-tourn"]
[EventRounds "9"]
[EventCountry "DEN"]
[Source "ChessBase"]
[SourceDate "2003.11.25"]
[WhiteTeam "Nordre"]
[BlackTeam "Jetsmark"]
[WhiteTeamCountry "DEN"]
[BlackTeamCountry "DEN"]

1. e4 c5 2. c3 Nf6 3. e5 Nd5 4. d4 cxd4 5. Qxd4 e6 6. Bc4 Nc6 7. Qe4 Nde7 8. f4
d5 9. exd6 Nf5 10. Nf3 Nxd6 11. Qe2 Nxc4 12. Qxc4 Qb6 13. Qe2 Be7 14. Be3 Qc7
15. O-O O-O 16. Nbd2 b6 17. Rad1 Bb7 18. Nb3 Rad8 19. Nfd4 Qc8 20. Nxc6 Qxc6
21. Qc2 Rxd1 22. Rxd1 Rd8 23. Rxd8+ Bxd8 24. Nd4 Qd5 25. a3 Bc7 26. Nf3 h6 27.
Qa4 Qd3 28. Kf2 Bxf3 29. Kxf3 e5 30. fxe5 Qf5+ 31. Qf4 Qh5+ 32. g4 Qh3+ 33. Kf2
Qh4+ 34. Kf3 Qe1 35. Bf2 Qd1+ 36. Kg2 Qd5+ 37. Qf3 Qxe5 38. Bg3 Qe7 1/2-1/2

[Event "Skakliga 2007-08"]
[Site "Denmark"]
[Date "2008.02.03"]
[Round "6.8"]
[White "Rasmussen, Henning Lau"]
[Black "Klitgaard, Thomas"]
[Result "1-0"]
[WhiteElo "2104"]
[BlackElo "2094"]
[PlyCount "69"]
[EventDate "2007.11.10"]
[EventType "team-tourn"]
[EventRounds "9"]
[EventCountry "DEN"]
[Source "ChessBase"]
[SourceDate "2003.11.25"]
[WhiteTeam "Jetsmark"]
[BlackTeam "Nordre"]
[WhiteTeamCountry "DEN"]
[BlackTeamCountry "DEN"]

1. d4 Nf6 2. Nf3 e6 3. c4 c5 4. e3 a6 5. a3 d5 6. cxd5 exd5 7. dxc5 Bxc5 8. b4
Be7 9. Bb2 O-O 10. Nc3 a5 11. b5 Be6 12. Nd4 Nbd7 13. Be2 Rc8 14. O-O Nb6 15.
Qb3 Nc4 16. Rfd1 Nxb2 17. Qxb2 Qd6 18. Bf3 Qe5 19. Nce2 Bd6 20. g3 Ne4 21. Bg2
Ng5 22. Nf4 h5 23. Qd2 a4 24. Ndxe6 fxe6 25. Ng6 Qf5 26. Nxf8 Rc2 27. e4 Rxd2
28. exf5 Rxd1+ 29. Rxd1 Kxf8 30. fxe6 Nxe6 31. Bxd5 Nc5 32. Bf3 Ke7 33. Bxh5
Nb3 34. Re1+ Kf6 35. Re4 1-0

[Event "Skakliga 2007-08"]
[Site "Denmark"]
[Date "2008.02.03"]
[Round "6.1"]
[White "Skytte, Rasmus"]
[Black "Pedersen, Steffen"]
[Result "1/2-1/2"]
[WhiteElo "2409"]
[BlackElo "2452"]
[PlyCount "24"]
[EventDate "2007.11.10"]
[EventType "team-tourn"]
[EventRounds "9"]
[EventCountry "DEN"]
[Source "ChessBase"]
[SourceDate "2003.11.25"]
[WhiteTeam "Aarhus/Skolerne"]
[BlackTeam "Sydostfyn"]
[WhiteTeamCountry "DEN"]
[BlackTeamCountry "DEN"]

1. d4 d5 2. c4 c6 3. Nf3 Nf6 4. Nc3 a6 5. cxd5 cxd5 6. Bg5 Ne4 7. Bf4 Nc6 8. e3
Nxc3 9. bxc3 g6 10. Ne5 Bg7 11. Nxc6 bxc6 12. Be2 Qa5 1/2-1/2

[Event "Skakliga 2007-08"]
[Site "Denmark"]
[Date "2008.02.03"]
[Round "6.2"]
[White "Nordenbaek, Jan"]
[Black "Rasmussen, Karsten"]
[Result "1/2-1/2"]
[WhiteElo "2223"]
[BlackElo "2493"]
[PlyCount "95"]
[EventDate "2007.11.10"]
[EventType "team-tourn"]
[EventRounds "9"]
[EventCountry "DEN"]
[Source "ChessBase"]
[SourceDate "2003.11.25"]
[WhiteTeam "Sydostfyn"]
[BlackTeam "Aarhus/Skolerne"]
[WhiteTeamCountry "DEN"]
[BlackTeamCountry "DEN"]

1. d4 d5 2. c4 e6 3. Nf3 Nf6 4. Nc3 Bb4 5. e3 O-O 6. Qc2 c5 7. dxc5 Nc6 8. a3
Bxc5 9. b4 Bd6 10. Bb2 a5 11. b5 Ne5 12. Nxe5 Bxe5 13. c5 Ng4 14. Be2 Qh4 15.
Bxg4 Qxg4 16. f4 d4 17. fxe5 dxc3 18. Qxc3 Rd8 19. Qc2 Bd7 20. a4 Qb4+ 21. Ke2
f6 22. Bd4 Bxb5+ 23. axb5 Qxb5+ 24. Kf2 fxe5 25. Bxe5 Rd5 26. Bd6 Rf5+ 27. Ke1
a4 28. Rb1 Qc6 29. Rf1 Rg5 30. Qf2 h6 31. g3 a3 32. Qf7+ Kh7 33. Qf3 Qa4 34.
Qd1 a2 35. Ra1 Qe4 36. Qd4 Qc2 37. Qd2 Qb3 38. e4 Rg4 39. Qe2 Qb1+ 40. Kf2 Qxe4
41. Qxe4+ Rxe4 42. Rfe1 Rxe1 43. Kxe1 Kg6 44. Kd2 b6 45. Kc3 bxc5 46. Bxc5 Kf5
47. h3 Ke4 48. Kb2 1/2-1/2